000
00316 a2200157 4500
001
180850
020
_a
040
_c
Magnum
100
_a
-
240
1
0
_a
O gato de botas/loyola
_l
por
245
1
0
_a
O gato de botas/loyola
362
0
_a
1899
440
1
_a
Loyola
697
_a
MAGNITO: IJ/CONTOS
942
_c
BK
999
_c
180850
_d
180850